| 000 | 00492nam a2200181Ia 4500 | ||
|---|---|---|---|
| 008 | 240925s9999 xx 000 0 und d | ||
| 020 | _aNA | ||
| 082 | _a796.44 BHA | ||
| 100 | _aBharaton, Raju | ||
| 245 | 0 | _aIndian Cricket: the viital phase | |
| 250 | _aNA | ||
| 260 |
_aNew Delhi: _bVikas Publishing House Pvt Ltd _c,1977. |
||
| 300 |
_axxv,736p. _bN.A _fOriginal |
||
| 500 | _aIncludes Index | ||
| 600 | _aHumanities & Natural Science | ||
| 650 | _aArts and Recreation | ||
| 942 | _cBK | ||
| 999 |
_c12099 _d12099 |
||